Normal view MARC view
  • ARORA,Dr. VINAY RAI AND RAI,VINAY Dr

Entry Personal Name

Number of records used in: 1

001 - CONTROL NUMBER

  • control field: 8855

003 - CONTROL NUMBER IDENTIFIER

  • control field: JRU

005 - DATE AND TIME OF LATEST TRANSACTION

  • control field: 20260105115151.0

008 - FIXED-LENGTH DATA ELEMENTS

  • fixed length control field: 260105|| aca||aabn | a|a d

040 ## - CATALOGING SOURCE

  • Original cataloging agency: JRU
  • Transcribing agency: JRU

100 ## - HEADING--PERSONAL NAME

  • Personal name: ARORA,Dr. VINAY RAI AND RAI,VINAY Dr

670 ## - SOURCE DATA FOUND

  • Source citation: Work cat.: (JRU)9029: ARORA,Dr. VINAY RAI AND RAI,VINAY Dr., DAWN OF A NEW VIBRANT INDIA , 2014